Statistiques concernant Les départements qui comptent le plus de porcins

Cliquez ici pour prendre le quiz!

Statistiques générales

  • Ce quiz a été pris 42 fois
  • Le résultat moyen est 7 sur 10

Statistiques - réponses

#département% Correct
2480Finistère
100%
1182Morbihan
93%
2438Côtes-d'Armor
90%
1171Ille-et-Vilaine
88%
388Manche
73%
406Mayenne
61%
311Sarthe
54%
252Vendée
54%
269Maine-et-Loire
46%
320Nord
37%

Distribution des résultats

Percentile par nombre de réponses

% des personnes avec chaque résultat

Votre développement - résultats

Vous n’avez pas pris ce quiz